Municipi di Roma su una Mappa - Statistics

Statistiche generali
  • Questo quiz è stato fatto 30 volte
  • Il punteggio medio è 5 su 15
Risposte nella Mappa
Le risposte nella mappa del quiz sottostante sono codificate secondo una scala di colori dal rosso al verde in base alla % di persone che hanno risposto correttamente.
 
Statistiche sulle risposte
Municipio % Corretto
I Centro
75%
X Ostia/Acilia
70%
II Parioli/Nomentano
65%
IX EUR
60%
VII Appio Latino/Tuscolano/Cinecittà
50%
V Prenestino/Centocelle
50%
XIII Aurelia
25%
III Montesacro
25%
XII Monte Verde
25%
VIII Appia Antica
20%
XV Cassia/Flaminia
20%
XIV Monte Mario
10%
IV Tiburtina
10%
XI Arvalia Portuense
5%
VI delle Torri
5%
Nessun quiz corrispondente trovato
Distribuzione punteggi
Percentuale di utenti per punteggio
Percentile per numero di risposta
I tuoi punteggi nel tempo
Non hai fatto questo quiz